A course module for technology for teaching and learning 1/ (Record no. 4423)

MARC details
000 -LEADER
fixed length control field 00789nam a22002177a 4500
003 - CONTROL NUMBER IDENTIFIER
control field OSt
005 - DATE AND TIME OF LATEST TRANSACTION
control field 20250901040726.0
008 - FIXED-LENGTH DATA ELEMENTS--GENERAL INFORMATION
fixed length control field 250901b |||||||| |||| 00| 0 eng d
020 ## - INTERNATIONAL STANDARD BOOK NUMBER
International Standard Book Number 978-621-04-2471-3
040 ## - CATALOGING SOURCE
Original cataloging agency DWc-Main Lib
Transcribing agency OC
082 ## - DEWEY DECIMAL CLASSIFICATION NUMBER
Classification number Fil. 371.33 C858 2021
100 ## - MAIN ENTRY--PERSONAL NAME
Personal name Bruza, Elen Joy Alata
245 ## - TITLE STATEMENT
Title A course module for technology for teaching and learning 1/
Statement of responsibility, etc. Elen Joy Alata Bruza
260 ## - PUBLICATION, DISTRIBUTION, ETC.
Place of publication, distribution, etc. Sampaloc Manila, Philippines :
Name of publisher, distributor, etc. Rex Bookstore Inc.,
Date of publication, distribution, etc. c2021.
300 ## - PHYSICAL DESCRIPTION
Extent vi, 163 pages :
Other physical details illustrations ;
Dimensions 26cm.
504 ## - BIBLIOGRAPHY, ETC. NOTE
Bibliography, etc. note Includes bibliographical references and index.
650 ## - SUBJECT ADDED ENTRY--TOPICAL TERM
Topical term or geographic name entry element 1. Educational technology.
650 ## - SUBJECT ADDED ENTRY--TOPICAL TERM
Topical term or geographic name entry element 2. Computer Assisted Instruction.
650 ## - SUBJECT ADDED ENTRY--TOPICAL TERM
Topical term or geographic name entry element 3. Information technology-- Study and teaching.
942 ## - ADDED ENTRY ELEMENTS (KOHA)
Source of classification or shelving scheme Dewey Decimal Classification
Koha item type Book-Filipiniana
Call number prefix Fil.
Suppress in OPAC No
952 ## - LOCATION AND ITEM INFORMATION (KOHA)
--
Holdings
Withdrawn status Lost status Source of classification or shelving scheme Damaged status Not for loan Home library Current library Shelving location Date acquired Source of acquisition Cost, normal purchase price Total Checkouts Full call number Barcode Date last seen Copy number Price effective from Koha item type Uniform Resource Identifier
    Dewey Decimal Classification     College Library College Library Filipiniana 08/02/2023 School Fund 595.00   Fil. 371.33 C858 2021 CL53798 09/01/2025 c1 09/01/2025 BK - FIL